Confesiones de un opiómano inglés /

Guardado en:
Detalles Bibliográficos
Autor principal: Quincey, Thomas de (autor)
Formato: Libro
Idioma:Español
Publicado: México : Fontamara, 1998, c1998
Edición:2a edición
Colección:(Fontamara ; 95)
Temas:
Etiquetas: Agrega una etiqueta
Sin etiquetas, Sé el primero en etiquetar este registro!

MARC

LEADER 00000nam^a2200000^a^4500
001 000146482
005 20250521000000.0
009 20260310095911.807
020 |a 968-476-123-6 
037 |a Acervo ITESO - Biblioteca 
041 |a ESP 
082 |a 820. 92  |b QUI 
100 |a Quincey, Thomas de  |e (autor) 
240 1 1 |a [Confesiones de un comedor de opio inglés] 
245 1 0 |a Confesiones de un opiómano inglés /  |c T. de Quincey ; tr. por Francisco Cusó. 
250 |a 2a edición 
264 4 |a México :  |b Fontamara,  |c 1998, c1998 
300 |a 126 p. 
336 |a texto  |b txt  |2 rdacontenido 
337 |a sin mediación  |b n  |2 rdamedio 
338 |a volumen  |b nc  |2 rdasoporte 
440 1 |a (Fontamara ;  |v 95) 
500 |a Traducción de: Confessions of an English Opium-Eater 
545 0 |a El ensayista y crítico romántico Thomas de Quincey (Manchester, 1785-Edimburgo, 1859) formó parte del círculo literario de los poetas Samuel Taylor Coleridge, William Wordsworth y Robert Southey. Además de sus numerosas colaboraciones en varias revistas y periódicos, escribió algunos ensayos sobre filósofos y literatos, que han marcado la historia de la cultura occidental, como son Leyendo a las puertas de Macbeth; El asesinato considerado como una de las bellas artes; Juana de Arco y La diligencia inglesa. Adicto al opio desde joven, dejó reflejadas sus experiencias en tres libros de memorias: Confesiones de un opiómano inglés, Suspira de profundis y Apuntes autobiográficos; en el primero de ellos describió detalladamente los estados de éxtasis y tormento de la droga; este libro se convirtió de inmediato en un éxito de ventas y, aún años después, ha ejercido admiración e influencia sobre importantes escritores de diversas nacionalidades y épocas. Su obra denota una refinada educación grecolatina; dotada de un gran humor irónico y mucha fantasía, trasgredió y se burló de los valores de la sociedad victoriana. Quincey dejó huella en la literatura universal por ser el primero en describir, desde la perspectiva literaria, los mecanismos de la mente al formar los sueños y las pesadillas con estilo lleno de musicalidad y ritmo que tenía como objetivo proporcionar placer estético en sí mismo, al tiempo que buscaba hacer inteligible la alucinación mientras desnudaba hasta la mayor simplicidad sus imágenes. 
649 |a XX 
650 |a Escritores Ingleses -  |x Memorias 
650 |a Drogadictos Ingleses -  |x Memorias 
650 |a Memorias Inglesas 
650 |a Literatura Inglesa -  |y Siglo XIX 
650 |a Opio 
650 |a Narcóticos 
650 |a Drogadicción 
650 |a Adicciones 
650 |a Trastornos de Conducta 
650 |a Psicopatología 
650 |a Psicología Clínica 
650 |a Quincey, Thomas de -  |x Tema Principal 
910 |a Fondo General 
920 |a Impresos - Libros 
930 |a Colección General 
940 |a Literatura 
905 |a 101 
901 |a 0500075858  |b IT1  |c LIT  |u 20250521 
902 |a https://opac.biblio.iteso.mx/vufind/Record/000146482